[Event "4.Nord-West-Cup"]
[Site "?"]
[Date "2002.??.??"]
[Round "1"]
[White "Bischoff, Klaus"]
[Black "da Costa, Martin"]
[Result "1-0"]
[WhiteElo "2558"]
[BlackElo "2030"]
[PlyCount "39"]

1. c4 f5 2. b3 e5 3. Bb2 Nc6 4. g3 Nf6 5. Bg2 d6 6. Nc3 g6 7. e3 Bg7 8. Nge2
O-O 9. O-O Bd7 10. d3 Qe7 11. Qd2 Kh8 12. Rae1 g5 13. f4 gxf4 14. exf4 Qf7 15.
Nd1 Rae8 16. Ne3 Qh5 17. d4 exd4 18. Nxd4 Ne4 19. Bxe4 Rxe4 20. Nb5 1-0

[Event "4.Nord-West-Cup"]
[Site "?"]
[Date "2002.??.??"]
[Round "1"]
[White "Krause, Klaus"]
[Black "Zezulkin, Jurij"]
[Result "0-1"]
[WhiteElo "2029"]
[BlackElo "2523"]
[PlyCount "80"]

1. e4 c5 2. Nf3 Nc6 3. Bb5 d6 4. O-O Bd7 5. Re1 Nf6 6. c3 a6 7. Bf1 Bg4 8. h3
Bh5 9. d3 e6 10. Bf4 Be7 11. a4 d5 12. Nbd2 O-O 13. Qc1 Rc8 14. c4 dxe4 15.
dxe4 Qb6 16. Ra3 Rfd8 17. Rb3 Nb4 18. g4 Bg6 19. Ne5 Nd7 20. Ndf3 Nxe5 21. Nxe5
Qa5 22. Ree3 Qxa4 23. Nxg6 hxg6 24. Kh2 Rd4 25. Bg2 Rcd8 26. Qf1 g5 27. Bg3 Rd1
28. Qe2 R1d2 29. Qf1 b6 30. e5 R8d4 31. Bf3 Bd8 32. Kg2 Qd7 33. Be4 Bc7 34. Kh2
a5 35. Bb1 a4 36. Ra3 Rxb2 37. Qh1 Qe8 38. Re1 Nc2 39. Bxc2 Rxc2 40. Qb7 Bd8
0-1

[Event "4.Nord-West-Cup"]
[Site "?"]
[Date "2002.??.??"]
[Round "1"]
[White "Podzielny, Karl-Heinz"]
[Black "Lorenzen, Bjoern"]
[Result "1-0"]
[WhiteElo "2501"]
[BlackElo "1983"]
[PlyCount "99"]

1. d4 d5 2. c4 e6 3. Nf3 c6 4. Qc2 f5 5. g3 Nf6 6. Bg2 Bd6 7. Bf4 Bxf4 8. gxf4
Qa5+ 9. Nbd2 Ne4 10. a3 Nxd2 11. Nxd2 O-O 12. e3 Nd7 13. b4 Qd8 14. h4 Nf6 15.
Rc1 Bd7 16. Nf3 a5 17. Ne5 axb4 18. axb4 Ra3 19. Rb1 Qe7 20. cxd5 exd5 21. Qc5
Qxc5 22. bxc5 Ra7 23. O-O Rfa8 24. Bf3 Bc8 25. Rb2 Kf8 26. Kg2 Ra3 27. h5 Ra2
28. Rxa2 Rxa2 29. Rb1 Ke7 30. h6 gxh6 31. Rh1 Ng8 32. Kg3 Be6 33. Rb1 Bc8 34.
Bg2 Nf6 35. Rh1 Ng8 36. Rh2 Kf6 37. Bf1 Kg7 38. Bd3 Nf6 39. Rh4 Ne4+ 40. Bxe4
fxe4 41. Rh5 Be6 42. f5 Bc8 43. Ng4 Ra8 44. Kf4 Bd7 45. f6+ Kh8 46. Nxh6 Rf8
47. Ke5 Be8 48. Rf5 Bd7 49. Rg5 Be8 50. Rg7 1-0

[Event "4.Nord-West-Cup"]
[Site "?"]
[Date "2002.??.??"]
[Round "1"]
[White "Wichelmann, Martin"]
[Black "Fish, Gennadij"]
[Result "0-1"]
[WhiteElo "1975"]
[BlackElo "2499"]
[PlyCount "86"]

1. e4 c5 2. c3 e6 3. d4 d5 4. e5 Nc6 5. Nf3 Bd7 6. Be2 Nge7 7. O-O Nf5 8. b3
cxd4 9. cxd4 Qb6 10. Bb2 h5 11. h4 Be7 12. g3 Rc8 13. Kg2 g6 14. Nc3 O-O 15.
Qd3 a6 16. Rfc1 Na7 17. Rc2 Rc7 18. Rac1 Rfc8 19. Qd1 Nb5 20. Nxb5 Rxc2 21.
Rxc2 Rxc2 22. Qxc2 Bxb5 23. Bd1 a5 24. a4 Ba6 25. Bc3 Bb4 26. Qd2 Qc6 27. Bxb4
axb4 28. Bc2 Qc3 29. Qd1 Kg7 30. Bb1 Qa1 31. Bc2 Qxd1 32. Bxd1 Bd3 33. Ne1 Be4+
34. f3 Ne3+ 35. Kg1 Bb1 36. Be2 Nf5 37. Bd3 Bxd3 38. Nxd3 Nxd4 39. Nxb4 Nxf3+
40. Kf2 Nxe5 41. Ke3 Kf6 42. Kd4 Nd7 43. Nd3 Ke7 0-1

[Event "4.Nord-West-Cup"]
[Site "?"]
[Date "2002.??.??"]
[Round "1"]
[White "Gutman, Lev"]
[Black "Schwarze, Hugo"]
[Result "1-0"]
[WhiteElo "2488"]
[BlackElo "1946"]
[PlyCount "64"]

1. Nf3 Nf6 2. g3 g6 3. Bg2 Bg7 4. O-O O-O 5. d4 d6 6. a4 c5 7. a5 Na6 8. Nc3
Bd7 9. h3 Qc8 10. Kh2 Rb8 11. Bg5 Re8 12. Qd2 b5 13. axb6 axb6 14. e4 Bc6 15.
d5 Bd7 16. Rfe1 Nc7 17. e5 dxe5 18. Nxe5 b5 19. Qf4 b4 20. Nd1 Rf8 21. Qd2 e6
22. d6 Ncd5 23. c4 bxc3 24. Nxc3 Rb4 25. Ra7 Rd4 26. Qc1 Nxc3 27. Ra8 Na2 28.
Rxc8 Nxc1 29. Rxf8+ Bxf8 30. Rxc1 Ne4 31. Bxe4 Rxe4 32. Nxd7 Bxd6 1-0

[Event "4.Nord-West-Cup"]
[Site "?"]
[Date "2002.??.??"]
[Round "1"]
[White "Walter, Stefan"]
[Black "Voloshin, Leonid"]
[Result "0-1"]
[WhiteElo "1943"]
[BlackElo "2437"]
[PlyCount "78"]

1. d4 Nf6 2. c4 e6 3. Nc3 Bb4 4. Qc2 c5 5. dxc5 Na6 6. a3 Bxc3+ 7. Qxc3 Nxc5 8.
f3 O-O 9. e4 b6 10. b4 Nb7 11. Bb2 d6 12. Bd3 e5 13. f4 Be6 14. Nf3 Rc8 15.
fxe5 dxe5 16. O-O Nd6 17. Nxe5 Nfxe4 18. Qd4 f5 19. Rad1 Qe7 20. g4 Ng5 21.
Rde1 fxg4 22. Rxf8+ Rxf8 23. Bf1 Nf5 24. Qc3 Nh4 25. Re3 Qf6 26. Qe1 Nf5 27.
Re2 Qh6 28. Nxg4 Nf3+ 29. Kg2 Qf4 30. Qc3 Qxg4+ 31. Kf2 N3d4 32. Ke1 Nxe2 33.
Bxe2 Qg1+ 34. Kd2 Rd8+ 35. Kc2 Nd4+ 36. Kd3 Nb5+ 37. Ke4 Nxc3+ 38. Bxc3 Qg6+
39. Kf3 Bg4+ 0-1

[Event "4.Nord-West-Cup"]
[Site "?"]
[Date "2002.??.??"]
[Round "1"]
[White "Lingnau, Carsten"]
[Black "Wichmann, Ralph"]
[Result "1-0"]
[WhiteElo "2436"]
[BlackElo "1914"]
[PlyCount "63"]

1. d4 Nf6 2. c4 g6 3. Nf3 Bg7 4. g3 O-O 5. Bg2 d6 6. O-O c5 7. Nc3 Nc6 8. dxc5
dxc5 9. Bf4 Be6 10. Ne5 Nxe5 11. Bxe5 Qxd1 12. Rfxd1 Bxc4 13. Bxb7 Rad8 14.
Rac1 Ng4 15. Bxg7 Kxg7 16. b3 Be6 17. Bd5 Rd6 18. Bxe6 Rxe6 19. Rd2 Rd6 20.
Rxd6 exd6 21. Rd1 Rd8 22. Ne4 Re8 23. f3 Ne3 24. Rxd6 c4 25. bxc4 Nxc4 26. Rd7
a5 27. Rc7 Nb6 28. Rb7 Nc4 29. Kf2 h6 30. Rc7 Nb6 31. Nd6 Rf8 32. Ra7 1-0

[Event "4.Nord-West-Cup"]
[Site "?"]
[Date "2002.??.??"]
[Round "1"]
[White "Woeltge, Carsten"]
[Black "Jugelt, Tobias"]
[Result "0-1"]
[WhiteElo "1899"]
[BlackElo "2433"]
[PlyCount "78"]

1. d4 d5 2. Nf3 Nf6 3. c4 c6 4. Nc3 e6 5. Bg5 Nbd7 6. cxd5 cxd5 7. e3 Be7 8.
Bd3 a6 9. O-O b5 10. a3 Bb7 11. Qe2 Ne4 12. Bxe7 Qxe7 13. Bxe4 dxe4 14. Nd2 f5
15. b4 e5 16. Nb3 O-O 17. Na5 exd4 18. exd4 Nf6 19. f3 Qd7 20. Nxb7 Qxd4+ 21.
Kh1 Qxc3 22. Rfc1 Qe5 23. Nc5 Rfe8 24. Re1 Kh8 25. Rad1 Qc3 26. Qe3 Qxe3 27.
Rxe3 f4 28. Ree1 e3 29. g3 Nh5 30. Kg2 a5 31. Rd5 g6 32. Ne4 axb4 33. axb4 Ra2+
34. Kh3 Rc8 35. Kg4 Rxh2 36. Rxb5 fxg3 37. Rxe3 g2 38. Re1 Rf8 39. Nd2 h6 0-1

[Event "4.Nord-West-Cup"]
[Site "?"]
[Date "2002.??.??"]
[Round "1"]
[White "Meins, Gerlef"]
[Black "Wetjen, Siegfried"]
[Result "1-0"]
[WhiteElo "2393"]
[BlackElo "1894"]
[PlyCount "85"]

1. d4 d5 2. c4 e6 3. Nf3 Nf6 4. g3 b6 5. Bg2 Bb7 6. O-O dxc4 7. Qa4+ Nbd7 8.
Ne5 Bxg2 9. Kxg2 a6 10. Qc6 Ra7 11. Nd2 Be7 12. Ndxc4 O-O 13. Qf3 Nb8 14. Rd1
Qd5 15. Bg5 Qxf3+ 16. Kxf3 Nd5 17. Bxe7 Nxe7 18. Rac1 f6 19. Nd3 Rd8 20. e3 Kf7
21. b4 g5 22. h4 gxh4 23. Rh1 Ng6 24. Nf4 Rh8 25. g4 Nd7 26. Ke4 Re8 27. Nxg6
Kxg6 28. Rxh4 e5 29. d5 Rg8 30. Rch1 Nf8 31. f3 Rg7 32. g5 Nd7 33. Rh6+ Kf7 34.
Rxh7 fxg5 35. Nxe5+ Nxe5 36. Kxe5 Ra8 37. Rxg7+ Kxg7 38. Rc1 Re8+ 39. Kd4 Re7
40. Rc6 Kf7 41. e4 Rd7 42. a4 Kg7 43. a5 1-0

[Event "4.Nord-West-Cup"]
[Site "?"]
[Date "2002.??.??"]
[Round "1"]
[White "Kerski, Bjoern-Ole"]
[Black "Sarakauskas, Gediminas"]
[Result "0-1"]
[WhiteElo "1885"]
[BlackElo "2392"]
[PlyCount "72"]

1. d4 Nf6 2. Nf3 g6 3. Bg5 Bg7 4. Nbd2 d6 5. e3 Nbd7 6. Bd3 O-O 7. O-O e5 8. c3
Qe7 9. Qc2 h6 10. Bxf6 Nxf6 11. Rfe1 Bg4 12. dxe5 dxe5 13. Be2 e4 14. Nd4 c5
15. N4b3 Bf5 16. Rad1 Rad8 17. Nf1 Bd7 18. Rd2 Ba4 19. Rxd8 Rxd8 20. Rd1 Rc8
21. c4 Nd7 22. Rd2 f5 23. Qb1 h5 24. Nc1 Ne5 25. b3 Bc6 26. Qc2 h4 27. a3 Nf3+
28. Bxf3 exf3 29. g3 Qg5 30. Na2 Qg4 31. e4 f4 32. Qd1 Bd4 33. h3 Qxh3 34. Qxf3
fxg3 35. Rxd4 cxd4 36. fxg3 Rf8 0-1

[Event "4.Nord-West-Cup"]
[Site "?"]
[Date "2002.??.??"]
[Round "1"]
[White "Petrosjan, Suren"]
[Black "Fehsenfeld, Frithjof"]
[Result "1-0"]
[WhiteElo "2388"]
[BlackElo "1881"]
[PlyCount "71"]

1. e4 c6 2. Nc3 d5 3. Nf3 dxe4 4. Nxe4 Nd7 5. Bc4 Ngf6 6. Neg5 e6 7. Qe2 Nb6 8.
Ne5 Nxc4 9. Qxc4 Qd5 10. Qxd5 exd5 11. Nexf7 Rg8 12. O-O h6 13. Re1+ Ne4 14. d3
hxg5 15. Nxg5 Bf5 16. dxe4 dxe4 17. g4 Bg6 18. h4 O-O-O 19. h5 Be8 20. Nxe4 Bd7
21. Bg5 Re8 22. f3 c5 23. Rad1 Bc6 24. Kg2 b6 25. c4 a6 26. Nc3 Rxe1 27. Rxe1
Bd6 28. Re6 Kd7 29. Rg6 Be5 30. Nd5 Rb8 31. Bf4 Bxf4 32. Rxg7+ Kd6 33. Rg6+ Kd7
34. Nxf4 Rf8 35. Kg3 b5 36. h6 1-0

[Event "4.Nord-West-Cup"]
[Site "?"]
[Date "2002.??.??"]
[Round "1"]
[White "Mader, Sascha"]
[Black "Hedke, Fred"]
[Result "0-1"]
[WhiteElo "1881"]
[BlackElo "2370"]
[PlyCount "52"]

1. e4 e5 2. Bc4 Nc6 3. Nf3 Be7 4. d4 exd4 5. c3 d6 6. cxd4 Nf6 7. Nc3 O-O 8. h3
Nxe4 9. Nxe4 d5 10. Bd3 dxe4 11. Bxe4 Bb4+ 12. Kf1 Re8 13. Bg5 Be7 14. Be3 Bf6
15. Qd3 g6 16. Rc1 Nb4 17. Qb1 Nd5 18. h4 Rxe4 19. Qxe4 Bf5 20. Qxf5 gxf5 21.
Bg5 c6 22. Rh3 f4 23. g3 Qb6 24. gxf4 Bxg5 25. fxg5 Nf4 26. Rg3 Qb5+ 0-1

[Event "4.Nord-West-Cup"]
[Site "?"]
[Date "2002.??.??"]
[Round "1"]
[White "Ionescu, Doru Alexandru"]
[Black "Juergens, Bernhard"]
[Result "1-0"]
[WhiteElo "2369"]
[BlackElo "1849"]
[PlyCount "63"]

1. e4 e6 2. d4 d5 3. Nc3 Bb4 4. e5 c5 5. Bd2 Ne7 6. a3 Bxc3 7. Bxc3 Nbc6 8. Nf3
cxd4 9. Bxd4 Nxd4 10. Qxd4 Nc6 11. Qg4 O-O 12. Bd3 f5 13. Qf4 Bd7 14. O-O Qc7
15. Rac1 Rac8 16. c4 dxc4 17. Bxc4 Qb6 18. b4 Ne7 19. Rfd1 Ng6 20. Qg5 Rf7 21.
Rd6 Qc7 22. Qh5 b5 23. Ng5 Nxe5 24. Qxh7+ Kf8 25. Rxe6 Bxe6 26. Nxe6+ Ke7 27.
Qh4+ Rf6 28. Nxc7 Rxc7 29. Qf4 Rxc4 30. Qxe5+ Re6 31. Qxg7+ Kd6 32. Rd1+ 1-0

[Event "4.Nord-West-Cup"]
[Site "?"]
[Date "2002.??.??"]
[Round "1"]
[White "Wirz, James"]
[Black "Vasiljevic, Dragan"]
[Result "0-1"]
[WhiteElo "1843"]
[BlackElo "2351"]
[PlyCount "81"]

1. e4 d6 2. d4 Nf6 3. Nc3 c6 4. f4 Qa5 5. Bd3 e5 6. Nf3 Bg4 7. Be3 Nbd7 8. Qd2
Bxf3 9. gxf3 g6 10. Ne2 Qxd2+ 11. Kxd2 exd4 12. Bxd4 Bh6 13. Ke1 O-O 14. Rg1
Rfe8 15. Kf2 d5 16. e5 Nh5 17. Rg4 Kf8 18. Rag1 Ke7 19. f5 c5 20. e6 cxd4 21.
exd7 Be3+ 22. Kg2 Rg8 23. Rd1 Nf6 24. Rg3 Kxd7 25. fxg6 hxg6 26. f4 Nh5 27. Rf3
g5 28. fxg5 Rxg5+ 29. Kh1 Rg7 30. Nxd4 Bxd4 31. Bf5+ Kd6 32. Rxd4 Rh8 33. Rh3
Ke5 34. Rdh4 Kxf5 35. Rxh5+ Rxh5 36. Rxh5+ Ke4 37. Rh3 f5 38. Rh8 f4 39. Re8+
Kd4 40. a3 f3 41. Rf8 0-1

[Event "4.Nord-West-Cup"]
[Site "?"]
[Date "2002.??.??"]
[Round "1"]
[White "Ljubarskij, Jurij"]
[Black "Nedkov, Petar"]
[Result "1-0"]
[WhiteElo "2345"]
[BlackElo "1836"]
[PlyCount "63"]

1. e4 d5 2. exd5 Nf6 3. Bb5+ Bd7 4. Bc4 g6 5. Nc3 Bg7 6. Nf3 O-O 7. O-O c6 8.
dxc6 Nxc6 9. h3 a6 10. d4 Rc8 11. Qe2 b5 12. Bb3 Na5 13. Re1 e6 14. Ne5 Nxb3
15. axb3 Qb6 16. Be3 Qb7 17. Nd3 Ra8 18. Nc5 Qc8 19. b4 Bc6 20. Red1 Nd5 21.
Nxd5 Bxd5 22. Bf4 Qc6 23. f3 Rfe8 24. b3 e5 25. dxe5 a5 26. Qd3 Be6 27. Nxe6
Rxe6 28. Rxa5 Rae8 29. Rxb5 f6 30. exf6 Re1+ 31. Rxe1 Rxe1+ 32. Kf2 1-0

[Event "4.Nord-West-Cup"]
[Site "?"]
[Date "2002.??.??"]
[Round "1"]
[White "Spittel, Olaf"]
[Black "Markl, Martin"]
[Result "0-1"]
[WhiteElo "1830"]
[BlackElo "2299"]
[PlyCount "68"]

1. Nf3 g6 2. g3 Bg7 3. Bg2 d5 4. c4 Nf6 5. O-O O-O 6. cxd5 Nxd5 7. Nc3 c6 8.
Qc2 Nb4 9. Qd1 N8a6 10. a3 Nd5 11. Qc2 Qa5 12. Nxd5 cxd5 13. d3 Bf5 14. Bd2 Qb6
15. Be3 d4 16. Bf4 Rac8 17. Qd2 Nc5 18. Qb4 Nb3 19. Qxb6 axb6 20. Rad1 Rc2 21.
Nd2 e5 22. Nxb3 exf4 23. Rd2 Rfc8 24. Bxb7 Rxd2 25. Bxc8 Rxb2 26. Bxf5 gxf5 27.
Nc1 Bf8 28. gxf4 Bxa3 29. e3 b5 30. exd4 b4 31. d5 b3 32. d4 Rb1 33. Ne2 Rxf1+
34. Kxf1 Bb4 0-1

[Event "4.Nord-West-Cup"]
[Site "?"]
[Date "2002.??.??"]
[Round "1"]
[White "Asendorf, Joachim"]
[Black "Gorman, Stephen"]
[Result "1-0"]
[WhiteElo "2297"]
[BlackElo "1829"]
[PlyCount "55"]

1. c4 e5 2. Nc3 Bb4 3. Nd5 Ba5 4. b4 c6 5. bxa5 cxd5 6. cxd5 Nf6 7. e4 Nxe4 8.
Qg4 Nf6 9. Qxg7 Rg8 10. Qh6 Rg6 11. Qe3 Nxd5 12. Qc5 Nf4 13. Ba3 d6 14. Qb5+
Nc6 15. a6 Bd7 16. axb7 Rb8 17. Qa6 e4 18. g3 Nd3+ 19. Bxd3 exd3 20. Kf1 Qa5
21. Re1+ Kd8 22. Qxd3 Ne5 23. Qc3 Qa6+ 24. Kg2 Qxb7+ 25. f3 Rf6 26. Bxd6 Rxf3
27. Nxf3 Nxf3 28. Be7+ 1-0

[Event "4.Nord-West-Cup"]
[Site "?"]
[Date "2002.??.??"]
[Round "1"]
[White "Boehme, Arne"]
[Black "Korsus, Bernd"]
[Result "0-1"]
[WhiteElo "1828"]
[BlackElo "2272"]
[PlyCount "86"]

1. e4 c5 2. Nc3 a6 3. f4 e6 4. Nf3 Qc7 5. g3 b5 6. Bg2 Bb7 7. d3 Nf6 8. O-O d5
9. f5 dxe4 10. Nxe4 Nxe4 11. dxe4 e5 12. Ng5 Nd7 13. a4 c4 14. Be3 Bc5 15. Bxc5
Qxc5+ 16. Kh1 Nf6 17. Qe2 O-O 18. Nh3 Rad8 19. axb5 axb5 20. g4 Rd4 21. Nf2
Rfd8 22. g5 Ne8 23. Rfd1 Rxd1+ 24. Rxd1 Rxd1+ 25. Nxd1 Nd6 26. Nf2 b4 27. h4
Qd4 28. b3 c3 29. Kg1 Qd2 30. Kf1 Qc1+ 31. Nd1 Bc6 32. Ke1 Bb5 33. Qf2 Bd3 34.
cxd3 c2 35. Bf3 Nc8 36. Qh2 f6 37. gxf6 gxf6 38. Qg1+ Kh8 39. Ke2 Ne7 40. h5
Ng8 41. Ke1 Qb1 42. h6 Nxh6 43. Qb6 Ng8 0-1

[Event "4.Nord-West-Cup"]
[Site "?"]
[Date "2002.??.??"]
[Round "1"]
[White "van Linde, Paul"]
[Black "Roehl, Manfred"]
[Result "1-0"]
[WhiteElo "2181"]
[BlackElo "1688"]
[PlyCount "39"]

1. e4 c5 2. Nc3 Nc6 3. f4 e5 4. Bc4 exf4 5. d3 Qh4+ 6. Kf1 Bd6 7. Nf3 Qh5 8.
Nd5 g5 9. Qe1 Ne5 10. Nxe5 Bxe5 11. c3 Nf6 12. d4 f3 13. dxe5 fxg2+ 14. Kxg2
Nxd5 15. Be2 Qh6 16. exd5 d6 17. Qg3 Rg8 18. exd6 Rg6 19. Bb5+ Kd8 20. Re1 1-0

[Event "4.Nord-West-Cup"]
[Site "?"]
[Date "2002.??.??"]
[Round "1"]
[White "Grecescu, Gabriel"]
[Black "Muders, Martin"]
[Result "1-0"]
[WhiteElo "2272"]
[BlackElo "1820"]
[PlyCount "61"]

1. e4 c5 2. Nf3 Nc6 3. Bb5 e6 4. Bxc6 dxc6 5. O-O Nf6 6. Re1 Be7 7. Nc3 Qc7 8.
e5 Nd5 9. Ne4 Bd7 10. d3 h6 11. a3 g5 12. c4 Nf4 13. Bxf4 gxf4 14. Qd2 O-O-O
15. b4 cxb4 16. axb4 b6 17. c5 Be8 18. Nd6+ Kb8 19. Ra6 Bxd6 20. exd6 Qb7 21.
Rea1 Rg8 22. Rxa7 Qxa7 23. Rxa7 Kxa7 24. Qxf4 b5 25. Qf6 Bd7 26. Ne5 Kb7 27. h3
Kc8 28. Qxf7 Rg5 29. Nxd7 Rxd7 30. Qe8+ Rd8 31. Qxc6+ 1-0

[Event "4.Nord-West-Cup"]
[Site "?"]
[Date "2002.??.??"]
[Round "1"]
[White "Hedke, Manfred"]
[Black "Meijer, Johannes"]
[Result "1-0"]
[WhiteElo "1800"]
[BlackElo "1385"]
[PlyCount "57"]

1. e4 d6 2. d4 Nf6 3. Nc3 g6 4. Be2 Bg7 5. Be3 Nc6 6. h3 a6 7. Bf3 e5 8. d5 Ne7
9. g4 h5 10. g5 Nfg8 11. h4 f5 12. exf5 Bxf5 13. Nge2 Qd7 14. Ng3 O-O-O 15. Qe2
Re8 16. O-O-O Kb8 17. Bg2 Ka8 18. Nce4 Qa4 19. Kb1 Nxd5 20. Rxd5 Be6 21. Nc3
Qc6 22. Rhd1 Bg4 23. f3 Be6 24. R5d3 Bc4 25. f4 Bxd3 26. Rxd3 Qc4 27. Qf3 e4
28. Ncxe4 Be5 29. Nxd6 1-0

[Event "4.Nord-West-Cup"]
[Site "?"]
[Date "2002.??.??"]
[Round "1"]
[White "Kozlova, Olga"]
[Black "Hurrle, Juergen"]
[Result "1-0"]
[WhiteElo "2259"]
[BlackElo "1797"]
[PlyCount "43"]

1. e4 e6 2. d4 d5 3. Nc3 Nf6 4. e5 Nfd7 5. Nf3 a6 6. Bf4 c5 7. dxc5 Bxc5 8. Bd3
Nc6 9. O-O b5 10. Re1 Ne7 11. Bg3 Ng6 12. Nxd5 Bb7 13. Nc3 O-O 14. h4 Qc7 15.
Ng5 Rfd8 16. Qh5 Ndf8 17. Nce4 Qc6 18. Qf3 Qc7 19. h5 Nh8 20. h6 gxh6 21. Nf6+
Kg7 22. Nh5+ 1-0

[Event "4.Nord-West-Cup"]
[Site "?"]
[Date "2002.??.??"]
[Round "1"]
[White "Weber, Siegfried"]
[Black "Merettig, Georg"]
[Result "1-0"]
[WhiteElo "2246"]
[BlackElo "1779"]
[PlyCount "39"]

1. d4 Nf6 2. c4 b6 3. Nc3 Bb7 4. Qc2 Nc6 5. Nf3 d5 6. Bg5 dxc4 7. O-O-O Nd5 8.
Nxd5 Qxd5 9. e4 Qa5 10. Bxc4 b5 11. Bb3 Qb6 12. Rhe1 a5 13. a4 e6 14. d5 Nb4
15. dxe6 fxe6 16. Qd2 Qc6+ 17. Kb1 bxa4 18. Ne5 Qd6 19. Bxa4+ c6 20. Qf4 1-0

[Event "4.Nord-West-Cup"]
[Site "?"]
[Date "2002.??.??"]
[Round "1"]
[White "Weller, Friedhelm"]
[Black "Tschetschelnitzki, Boris"]
[Result "0-1"]
[WhiteElo "1771"]
[BlackElo "2230"]
[PlyCount "142"]

1. e4 e6 2. Nf3 d5 3. exd5 exd5 4. d4 Bd6 5. Be2 Ne7 6. Be3 O-O 7. O-O Re8 8.
Nc3 c6 9. Qd2 Ng6 10. a3 Nd7 11. Bd3 Ndf8 12. Rae1 Bg4 13. Be2 Bc7 14. h3 Bf5
15. Kh1 Qd7 16. Ng1 Re7 17. Bd3 Rae8 18. Nce2 Bxd3 19. Qxd3 h6 20. Nf3 Nh7 21.
c4 Nf6 22. cxd5 Nxd5 23. Bd2 Nf6 24. Nc3 a6 25. Rxe7 Nxe7 26. Re1 Ned5 27.
Rxe8+ Qxe8 28. Be3 Qe6 29. Ne2 Ne4 30. Kg1 f5 31. Bc1 Nef6 32. Kf1 Ne7 33. Bf4
Bxf4 34. Nxf4 Qa2 35. b3 Ne4 36. Ne2 Nd5 37. g3 Ndc3 38. Nfg1 Qa1+ 39. Kg2 Qe1
40. Qf3 Nxe2 41. Qxe2 Qxe2 42. Nxe2 Kf7 43. a4 Ke6 44. Nf4+ Ke7 45. Nd3 Kd6 46.
f3 Nc3 47. a5 Kd5 48. b4 Kxd4 49. Nc5 Kc4 50. Nxb7 Kxb4 51. Kf2 Nd5 52. Ke2 g6
53. Kd3 Kb5 54. h4 h5 55. Nd6+ Kxa5 56. Nc4+ Kb4 57. Ne5 Ne7 58. Kc2 a5 59. g4
fxg4 60. fxg4 hxg4 61. Nxg4 Kc4 62. Ne3+ Kd4 63. Kd2 c5 64. Nc2+ Kc4 65. Ne3+
Kb3 66. Kc1 a4 67. Kb1 c4 68. Ka1 a3 69. Kb1 a2+ 70. Ka1 c3 71. h5 gxh5 0-1

[Event "4.Nord-West-Cup"]
[Site "?"]
[Date "2002.??.??"]
[Round "1"]
[White "Issel, Oliver"]
[Black "Mengler, Marc"]
[Result "1-0"]
[WhiteElo "2226"]
[BlackElo "1768"]
[PlyCount "57"]

1. d4 d5 2. Nf3 e6 3. e3 c5 4. b3 Nc6 5. Bd3 Nf6 6. O-O Be7 7. Bb2 O-O 8. Nbd2
Nb4 9. Be2 cxd4 10. exd4 Bd7 11. a3 Nc6 12. Ne5 Nxe5 13. dxe5 Ne8 14. Bd3 Rc8
15. f4 Qb6+ 16. Kh1 g6 17. Qe2 Ng7 18. Nf3 Nf5 19. g4 Nh4 20. Bd4 Qd8 21. Nxh4
Bxh4 22. f5 Bg5 23. f6 Bc6 24. Qf2 Re8 25. h4 Bh6 26. g5 Bf8 27. h5 h6 28. hxg6
hxg5 29. Qh2 1-0

[Event "4.Nord-West-Cup"]
[Site "?"]
[Date "2002.??.??"]
[Round "1"]
[White "Campe, Uwe"]
[Black "Heinemann, Ernst"]
[Result "0-1"]
[WhiteElo "1766"]
[BlackElo "2217"]
[PlyCount "34"]

1. d4 Nf6 2. c4 c5 3. d5 b5 4. cxb5 a6 5. bxa6 g6 6. b3 Bg7 7. Bb2 d6 8. g3 O-O
9. Bg2 Nxa6 10. Nh3 Bf5 11. Nc3 Ne4 12. Nxe4 Bxb2 13. Rb1 Bg7 14. O-O Nb4 15.
a4 Na2 16. Qc2 Nc3 17. Rbc1 Nxe4 0-1

[Event "4.Nord-West-Cup"]
[Site "?"]
[Date "2002.??.??"]
[Round "1"]
[White "Schuette, Marc"]
[Black "Haase, Sven"]
[Result "1-0"]
[WhiteElo "2210"]
[BlackElo "1760"]
[PlyCount "109"]

1. e4 c5 2. Nf3 g6 3. d4 cxd4 4. Nxd4 Bg7 5. Nc3 Nc6 6. Be3 d6 7. Qd2 Bd7 8.
O-O-O a6 9. Nd5 Rb8 10. f3 e6 11. Nc3 Nce7 12. Nb3 Nc8 13. Bf4 e5 14. Be3 Nge7
15. h4 h5 16. g3 b5 17. Bh3 Bxh3 18. Rxh3 b4 19. Nd5 Nxd5 20. Qxd5 Qd7 21. Rh2
O-O 22. Qa5 Qb5 23. Qxb5 Rxb5 24. Rd3 Bf6 25. Rhd2 Be7 26. Rd5 Rxd5 27. Rxd5 f5
28. Nd2 Bd8 29. Kd1 Kf7 30. Ke2 Ke6 31. Nc4 Bc7 32. Bd2 Ne7 33. Rd3 a5 34. Bg5
Nc6 35. Be3 Ne7 36. Bb6 d5 37. Bxc7 dxc4 38. Rd6+ Kf7 39. Bxa5 Ra8 40. Bxb4
Rxa2 41. Rd7 Rxb2 42. Rxe7+ Kf6 43. Rb7 Rxc2+ 44. Ke3 Rg2 45. Be1 Ra2 46. Bc3
Ra3 47. Kd2 Ra6 48. Rb5 Rd6+ 49. Ke2 Rd3 50. Rb6+ Kf7 51. Bxe5 fxe4 52. fxe4
Ra3 53. Rf6+ Ke7 54. Rxg6 Kd7 55. Rd6+ 1-0

[Event "4.Nord-West-Cup"]
[Site "?"]
[Date "2002.??.??"]
[Round "1"]
[White "Roehl, Bernd"]
[Black "Zschischang, Gunnar"]
[Result "0-1"]
[WhiteElo "1755"]
[BlackElo "2208"]
[PlyCount "60"]

1. d4 Nc6 2. Nf3 d6 3. Bf4 Nf6 4. e3 g6 5. c3 Bg7 6. Bd3 Nh5 7. Bg3 O-O 8. Nbd2
e5 9. d5 Ne7 10. e4 c6 11. c4 c5 12. Bh4 Nf4 13. Bf1 h6 14. Bxe7 Qxe7 15. g3
Nh5 16. Bg2 f5 17. Nh4 Nf4 18. O-O Kh7 19. exf5 gxf5 20. Rb1 Nxg2 21. Kxg2 Bf6
22. Nhf3 f4 23. b4 Bf5 24. Rb3 e4 25. Ng1 Bd4 26. bxc5 Bxc5 27. gxf4 Rg8+ 28.
Rg3 Qh4 29. Qb3 b6 30. Re1 Qxf4 0-1

[Event "4.Nord-West-Cup"]
[Site "?"]
[Date "2002.??.??"]
[Round "1"]
[White "Muehlenhaus, Sven"]
[Black "Teixeira, Jose"]
[Result "1-0"]
[WhiteElo "2207"]
[BlackElo "1751"]
[PlyCount "73"]

1. d4 d6 2. c4 Nf6 3. Nc3 g6 4. e4 Bg7 5. Be2 O-O 6. Nf3 e5 7. O-O Nc6 8. d5
Ne7 9. Bg5 h6 10. Bxf6 Bxf6 11. b4 a5 12. a3 axb4 13. axb4 Bd7 14. Qb3 b6 15.
Ra2 Rxa2 16. Qxa2 Qa8 17. Ra1 Qxa2 18. Rxa2 Nc8 19. Bd1 c5 20. dxc6 Bxc6 21.
Ba4 Bb7 22. Kf1 Kg7 23. Ke2 Na7 24. Bd7 Nc6 25. Nd5 Nd4+ 26. Nxd4 Bxd5 27. cxd5
exd4 28. Ra7 Be5 29. h4 Kf6 30. g3 g5 31. Kd3 gxh4 32. f4 hxg3 33. fxe5+ Kxe5
34. Bh3 Rg8 35. Rxf7 Rg5 36. b5 g2 37. Bxg2 1-0

[Event "4.Nord-West-Cup"]
[Site "?"]
[Date "2002.??.??"]
[Round "1"]
[White "Belilowski, Alexander"]
[Black "Leiber, Bernhard"]
[Result "1/2-1/2"]
[WhiteElo "1750"]
[BlackElo "2204"]
[PlyCount "52"]

1. c4 e5 2. e4 Nc6 3. Nf3 Bc5 4. Be2 d6 5. O-O Nge7 6. d3 O-O 7. Nc3 a6 8. a3
f5 9. b4 Ba7 10. Nd5 Nxd5 11. cxd5 Nd4 12. Nxd4 Bxd4 13. Ra2 Bd7 14. Be3 Bxe3
15. fxe3 Qg5 16. Qd2 fxe4 17. dxe4 Rxf1+ 18. Bxf1 Rf8 19. Rc2 Qf6 20. Qe1 c6
21. Rf2 Qxf2+ 22. Qxf2 Rxf2 23. Kxf2 Kf7 24. dxc6 Bxc6 25. Bc4+ Kf6 26. Kf3 Ba4
1/2-1/2

[Event "4.Nord-West-Cup"]
[Site "?"]
[Date "2002.??.??"]
[Round "1"]
[White "Dewenter, Ulf"]
[Black "Schneider, Florian"]
[Result "1-0"]
[WhiteElo "2193"]
[BlackElo "1748"]
[PlyCount "45"]

1. e4 c6 2. Nc3 d5 3. Nf3 dxe4 4. Nxe4 Bf5 5. Ng3 Bg6 6. h4 h6 7. Ne5 Bh7 8.
Bc4 e6 9. Qe2 Qe7 10. d4 Nd7 11. Nxd7 Qxd7 12. d5 Ke7 13. dxe6 fxe6 14. Bd2 Nf6
15. O-O-O Nd5 16. Rhe1 Re8 17. Be3 b5 18. Bd3 Bxd3 19. Qxd3 Kf7 20. h5 Bd6 21.
Qg6+ Kg8 22. Ne4 Qe7 23. Nxd6 1-0

[Event "4.Nord-West-Cup"]
[Site "?"]
[Date "2002.??.??"]
[Round "1"]
[White "Lukossek, Thomas"]
[Black "Pel, Bonno"]
[Result "0-1"]
[WhiteElo "1732"]
[BlackElo "2191"]
[PlyCount "78"]

1. e4 d6 2. d4 Nf6 3. Nc3 g6 4. h3 c6 5. Be3 Nbd7 6. g4 b5 7. Bg2 e5 8. f4 b4
9. Nce2 Qe7 10. Ng3 exf4 11. Bxf4 h5 12. g5 Nd5 13. Qd2 Nxf4 14. Qxf4 Bg7 15.
O-O-O h4 16. N3e2 Ba6 17. Kb1 Rh5 18. Bf3 Rxg5 19. Qxh4 Rc8 20. Bg4 c5 21. Qf2
cxd4 22. Nxd4 Rgc5 23. Ngf3 R8c7 24. Bxd7+ Rxd7 25. Qg3 Kf8 26. Rhe1 Bb7 27. h4
Kg8 28. Nb3 Rc8 29. Nbd4 Bxe4 30. Qf4 d5 31. h5 Qf6 32. Qxf6 Bxf6 33. hxg6 fxg6
34. Rg1 Rg7 35. Rdf1 Rc4 36. Rd1 g5 37. b3 Rc3 38. Ne6 Bxc2+ 39. Ka1 Rxb3+ 0-1